=LDR 00000nam 2200000 4500 =001 INLIS000000000038140 =005 20130612143826 =008 ***********************************Ind** =035 ##$$0010-061300000038140 =041 ##$$a Ind =082 ##$$a 813 =090 ##$$a 813 , Jes a =100 ##$$a Jessica, agnes =245 ##$$a Antara aku dan dia , Agnes Jessica =260 ##$$a 2007 $b Jakarta =300 ##$$a 217 hlm. , 20 cm =850 ##$$a NBPNMAT